000 01117nam a2200289 a 4500
001 ebr10459635
003 CaPaEBR
006 m u
007 cr cn|||||||||
008 110426s2008 enkad sb 001 0 eng d
020 _z9781905539147
020 _z9781907830143 (e-book)
040 _aCaPaEBR
_cCaPaEBR
035 _a(OCoLC)666970542
050 1 4 _aRC683.5.E5
_bR69 2008eb
100 1 _aRowlands, Angela.
245 1 4 _aThe ECG workbook
_h[electronic resource] /
_cAngela Rowlands, Andrew Sargent.
260 _aCumbria [England] :
_bM&K Update Ltd.,
_c2008.
300 _avi, 87 p. :
_bcol. ill.
504 _aIncludes bibliographical references and index.
533 _aElectronic reproduction.
_bPalo Alto, Calif. :
_cebrary,
_d2011.
_nAvailable via World Wide Web.
_nAccess may be limited to ebrary affiliated libraries.
650 0 _aElectrocardiography.
655 7 _aElectronic books.
_2local
700 1 _aSargent, Andrew.
710 2 _aebrary, Inc.
856 4 0 _uhttp://site.ebrary.com/lib/rucke/Doc?id=10459635
_zAn electronic book accessible through the World Wide Web; click to view
999 _c229394
_d229394